Word Ladder: Witch's Manual Transmission Quiz Stats

 Plays Quiz Updated Oct 31, 2017

Score 0/15 Timer 02:00
0 Plays Today
Hint 5-Letter Word % Correct
Use a mouse buttonCLICK
97.1%
Timekeeper's piece CLOCK
95.8%
Give off a foul odor STINK
94.6%
Partypooper: ___ in the mud ★ STICK ★
94.6%
Coating of oil on water SLICK
93.6%
Nixon: 'I am not a ___' CROOK
93%
'Babbling' water feature BROOK
92.2%
Earthenware pot or jar CROCK
91.4%
Hint 5-Letter Word % Correct
Quidditch player's need ★ BROOM ★
90%
Change gears ★ SHIFT ★
86%
Elevator passageway SHAFT
84.1%
Prevent from growing properly STUNT
83.3%
Allotted period of work STINT
82%
Contraction of lack of intent toSHAN'T
74%
Push or pull to the side SHUNT
72.1%

Today's Daily Dose

You're not logged in!

Compare scores with friends on all Sporcle quizzes.
OR
Log In

You Might Also Like...

Show Comments

Extras

Top Quizzes Today


Score Distribution

Your Account Isn't Verified!

In order to create a playlist on Sporcle, you need to verify the email address you used during registration. Go to your Sporcle Settings to finish the process.

Report this User

Report this user for behavior that violates our Community Guidelines.

Details: